| 000 | 00638nam a2200193 a 4500 | ||
|---|---|---|---|
| 005 | 20260415064207.0 | ||
| 008 | 010917s1996 r 000 0 eng d | ||
| 020 | _a9582002999 | ||
| 035 | _aUPN01000111569 | ||
| 049 | _aCG | ||
| 050 | 4 |
_aLB2822.75 _bD4.3 |
|
| 100 | 1 |
_aDelgado Santa Gadea, Kenneth, _d1949- _941079 |
|
| 245 | 1 | 0 |
_aEvaluación y calidad de la educación : _bnuevos aportes procesos y resultados / _cKenneth Delgado Santa Gadea. |
| 260 |
_aSanta Fé de Bogotá : _bCooperativa Editorial Magisterio, _c1996. |
||
| 300 | _a215 p. | ||
| 440 | 0 |
_aMesa redonda ; _v47 |
|
| 650 | 4 |
_aEvaluación educativa _94298 |
|
| 905 | _aLibro | ||
| 999 |
_c85477 _d85477 |
||